Tratado de los derechos y regalias que corresponden al Real Patrimonio en el Reyno de Valencia y de la jurisdiccion del Intendente como subrogado en lugar del antiguo Bayle General / (Record no. 166596)

MARC details
000 -LEADER
campo de control de longitud fija 01520nam a2200277 i 4500
001 - NÚMERO DE CONTROL
campo de control 166596
003 - IDENTIFICADOR DE NÚMERO DE CONTROL
campo de control ES-MaACL
005 - FECHA Y HORA DE LA ÚLTIMA TRANSACCIÓN
campo de control 20250728063135.0
008 - DATOS DE LONGITUD FIJA--INFORMACIÓN GENERAL
campo de control de longitud fija 931025s1784 sp |||| | spa d
100 1# - ENTRADA PRINCIPAL--NOMBRE DE PERSONA
9 (RLIN) 241410
Nombre de persona Branchát, Vicente,
Fechas asociadas al nombre -1791
Término indicativo de función/relación Autor
245 10 - MENCIÓN DEL TÍTULO
Título Tratado de los derechos y regalias que corresponden al Real Patrimonio en el Reyno de Valencia y de la jurisdiccion del Intendente como subrogado en lugar del antiguo Bayle General /
Mención de responsabilidad, etc. por Don Vicente Branchát
246 ## - FORMA VARIANTE DEL TITULO
Título propio/Titulo breve Tratado de los derechos y regalías que corresponden al Real Patrimonio en el Reyno de Valencia y de la jurisdicción del intendente como subrogado en lugar del antiguo Bayle General
260 ## - PUBLICACIÓN, DISTRIBUCIÓN, ETC.
Lugar de publicación, distribución, etc. Valencia :
Nombre del editor, distribuidor, etc. en la Imprenta de Joseph y Tomas de Orga,
Fecha de publicación, distribución, etc. 1784
300 ## - DESCRIPCIÓN FÍSICA
Extensión [8], XIV, 453, [1] en blanco, [4], CCLV, [5] páginas ;
Dimensiones Fol.
505 8# - NOTA DE CONTENIDO CON FORMATO
Nota de contenido con formato Apéndice de documentos al Tratado : p. I- \RCXXXVI\R
530 ## - NOTA DISPONIBLE DE FORMULARIO FÍSICO ADICIONAL
Nota de formato físico adicional disponible Disponible en formato digital.
597 ## - NOTA DE DESCRIPCIÓN FÍSICA
NOTA DE DESCRIPCIÓN FÍSICA Sign.: [ ]4, A-Z4, 2A-2Z4, 3A-3Z,4, 4A-4X\p4\s, 4Y\p6\s.
597 ## - NOTA DE DESCRIPCIÓN FÍSICA
NOTA DE DESCRIPCIÓN FÍSICA Antep.
597 ## - NOTA DE DESCRIPCIÓN FÍSICA
NOTA DE DESCRIPCIÓN FÍSICA Port. con esc. xil. del Reino de Valencia.
651 #7 - PUNTO DE ACCESO ADICIONAL DE MATERIA--NOMBRE GEOGRÁFICO
Nombre geográfico Valencia (Reino)-
Subdivisión general Administración
9 (RLIN) 152428
852 ## - LOCALIZACIÓN
Ubicación ES-MaACL
Ubicación en estantería Depósito
Signatura antigua Olim: B-1490-92
Anotaciones manuscritas En anteport., ms. "Abril 1900 de la B. de Palacio"
Donativo/Legado Donat. Biblioteca de Palacio
Número de control de estantería R-132-34
Encuadernación Holandesa
856 ## - LOCALIZACIÓN Y ACCESO ELECTRÓNICOS
Identificador Uniforme de Recursos <a href="http://bivaldi.gva.es/es/consulta/registro.cmd?id=5083 ">http://bivaldi.gva.es/es/consulta/registro.cmd?id=5083 </a>
Nota pública Biblioteca Valenciana Digital
942 ## - ELEMENTOS DE ENTRADA SECUNDARIOS (KOHA)
Fuente del sistema de clasificación o colocación Clasificación decimal universal
Tipo de ítem Koha Libro impreso antiguo
Suprimir en OPAC No
Holdings
Estatus retirado Estado de pérdida Fuente del sistema de clasificación o colocación Estado de daño No para préstamo Colección Biblioteca de origen Biblioteca actual Ubicación en estantería Fecha de adquisición Fuente de adquisición Total de préstamos Signatura topográfica completa Código de barras Visto por última vez Tipo de ítem Koha
    Clasificación decimal universal     Colección digital Biblioteca del Ateneo de Madrid Biblioteca del Ateneo de Madrid Depósito 17/01/2008 Donación   R-132-34 1174728 23/02/2023 Libro impreso antiguo